00774nam a2200205 i 4500001000400000245008600004260004000090300004800130504002600178505002000204650004000224651005100264651006000315700002300375020001500398040000800413041000800421008004100429856009800470bgj00aNatur Westpommerns /cRyszard Borówka [et al] ; fot. Marek Czasnojć [et al.]. aSzczecin :bOficyna IN PLUS,c2004. a479 pp :bcol. ill., photos, maps ;c31 cm. aBibliography: p. 478. aIncludes index. 9aNaturexNature conservationzPoland 9aWestern PomeraniaxNaturexNature conservation 9aWestern PomeraniaxFauna and FloraxNature conservation1 aBORÓWKA, Ryszard a8389402009 cBPK0 apol s pl f |000 0 pol  uhttp://koha.tu.koszalin.pl/cgi-bin/koha/opac-detail.pl?biblionumber=48612yKatalog online BPK